Разработка экономически оптимальной системы контроля статорных обмоток: Отчет о НИР № 4

Bibliografske podrobnosti
Korporativna značnica: Томский политехнический институт (ТПИ) (595)
Drugi avtorji: Стрельбицкий Э. К. Эдуард Карлович (руководитель), Муравлев О. П. Олег Павлович (исполнитель), Похолков Ю. П. Юрий Петрович
Izvleček:Материалы удостоенные областной премии
Jezik:ruščina
Izdano: Томск, 1969
Teme:
Format: Knjiga
KOHA link:https://koha.lib.tpu.ru/cgi-bin/koha/opac-detail.pl?biblionumber=177630

MARC

LEADER 00000nbm0a2200000 4500
001 177630
005 20240914063138.0
035 |a (RuTPU)RU\TPU\book\192598 
090 |a 177630 
100 |a 20100323d1969 k y0rusy50 ca 
101 0 |a rus 
102 |a RU 
105 |a a p 001zy 
200 1 |a Разработка экономически оптимальной системы контроля статорных обмоток  |e Отчет о НИР № 4  |f Томский политехнический институт (ТПИ) ; руководитель Э. Стрельбицкий ; О. П. Муравлев, Ю. П. Похолков 
210 |a Томск  |d 1969 
215 |a 103 л. 
300 |a Материалы удостоенные областной премии 
320 |a Библиогр.: с. 102. 
610 1 |a отчеты о НИР 
610 1 |a труды учёных ТПУ 
610 1 |a статорные обмотки 
610 1 |a системы контроля 
610 1 |a асинхронные двигатели 
610 1 |a электрическая прочность 
610 1 |a изоляция 
610 1 |a экономическая эффективность 
675 |a 621.313.045  |v 3 
702 1 |a Стрельбицкий  |b Э. К.  |c российский ученый, электромеханик  |c профессор кафедры электрических машин и аппаратов ТПИ  |f 1932-2005  |g Эдуард Карлович  |3 (RuTPU)RU\TPU\pers\19870  |4 673  |9 7807 
702 1 |a Муравлев  |b О. П.  |c специалист в области электротехники  |c профессор Томского политехнического университета, доктор технических наук  |f 1937-2018  |g Олег Павлович  |3 (RuTPU)RU\TPU\pers\19841  |4 677  |9 7778 
702 1 |a Похолков  |b Ю. П.  |c специалист в области электротехники, доктор технических наук  |c ректор Томского политехнического университета (1990-2008), профессор  |f 1939-  |g Юрий Петрович  |x TPU  |y Томск  |3 (RuTPU)RU\TPU\pers\10508  |4 677  |9 2235 
712 0 2 |a Томский политехнический институт (ТПИ)  |c (1944-1991)  |3 (RuTPU)RU\TPU\col\1123  |4 595 
801 1 |a RU  |b 63413507  |c 20100323 
801 2 |a RU  |b 63413507  |c 20120620  |g RCR 
942 |c BK